01011cam a2200241 a 450000100100000000500170001000800410002704000250006804100380009308200150013110000320014624000580017824500800023626000600031630000280037649000520040453400680045650000460052483000600057004900090063095201130063999900170075200002553320200930023846.0901219s1975 mx b 000 | spa d aDO-SdBNPbspacBNPHU aspaheng2Código de idioma MARC axxxbR282g1 aRead, Herbert Harold952190 0aGeology : an introduction to earth-historylEspañol10aGeologia :bintroduccion a la historia de la tierra /cHerbert Harold Read. aMéxico, D. F. :bFondo de Cultura Economíca,c1975. a219 p. :bil. ;c17 cm. aBreviarios del Fondo de Cultura Económicav14 aTítulo original :tGeology : an introduction to earth-history aIncluye índice analítico : p. 213-217 0aBreviarios del Fondo de Cultura Económica,v14925786 aBNGR 001050718MOaGRbGRcCTd2011-02-17iLF1l0oxxx R282gp25533-10r2020-06-25w2020-06-25y1ZNo se presta c25025d25025